| 000 | 00337nam a2200133Ia 4500 | ||
|---|---|---|---|
| 008 | 150201s2006 xx 000 0 und d | ||
| 082 |
_a616 _bZ06W |
||
| 100 | _aWHO | ||
| 245 | _aZOONOSES AND COMMUNICABLE DESEASES TO MAN & ANIMAL | ||
| 250 | _a3RD | ||
| 260 |
_bAITBS _aDELHI _c2006 |
||
| 650 | _aMEDICINE AND DIAGNOSIS | ||
| 942 |
_2ddc _cBK |
||
| 999 |
_c1114 _d1114 |
||